LEADER 01443nam a2200301 i 4500 001 000000347204 003 CaOOAMICUS 005 20210805103017.0 008 210804s1994 be u000 u fre u 013 $a10600 020 $a2-906805-03-3 040 $aSeMil$bita 110 2 $aCentre d'analyse et de documentation patristiques .$0(OLS)http://semarc/name/114364 245 13$aLe Psautier chez les Pères /$c[publié par le] Centre d'analyse et de documentation patristiques . 264 1$aStrasbourg :$bCentre d'analyse et de documentation patristiques,$c1994. 300 $a310 p. ;$c21 cm. 490 1 $aCahiers de Biblia patristica ;$v4 546 $aSaggi in francese e italiano 650 4$aLetteratura cristiana antica.$0(OLS)http://semarc/subject/1197 650 4$aBibbia - AT - Salmi - Interpretazione patristica.$0(OLS)http://semarc/subject/41203 650 4$aBibbia - Citazioni.$0(OLS)http://semarc/subject/6477 830 0$aCahiers de Biblia patristica ;$v4.$0(OLS)http://semarc/title/21349 850 $aSeMil 852 $aSeMil$W1$xVenegono$y1$m2BA D 4$j227638$B238272$CSeMilBibl$Z2$F238272 $81 996 $6020$a2-906805-03-3$9(OLS)http://semarc/number/293760 996 $6245$aLe Psautier chez les Pères$9(OLS)http://semarc/title/436454 996 $6264$aStrasbourg :$bCentre d'analyse et de documentation patristiques$9(OLS)http://semarc/publisher/34328 LEADER 01222nam a2200253 i 4500 001 000000178755 003 CaOOAMICUS 005 20090604000000.0 008 090604s1989 it u000 u ita u 013 $a156329 040 $aSeMil$bita 100 1 $aBodini, Floriano.$0(OLS)http://semarc/name/33322 245 10$aPaolo 6. /$cdi Floriano Bodini nel Duomo di Milano ; foto Pepi Merisio ; testi S. Em.za Card. Carlo Maria Martini Arcivescovo di Milano ; Prof. Carlo Bo ; Arch. Ernesto Brivio. 260 $aMilano :$bPunto e Linea - Società Editoriale,$ccopyr. 1989. 300 $a1 v. :$bill. ;$c30 cm. 700 1 $aMerisio, Pepi,$d<1931- >.$0(OLS)http://semarc/name/5797 700 1 $aBrivio, Ernesto.$0(OLS)http://semarc/name/7605 700 1 $aBo, Carlo,$d<1911-2001>.$0(OLS)http://semarc/name/7656 700 1 $aMartini, Carlo Maria,$c.$0(OLS)http://semarc/name/89159 850 $aSeMil 852 $aSeMil$W1$xVenegono$y1$m5W VII 20$j129525$B129525$CSeMilBibl$Z2$F142214 $8I 961 $aOmaggio: Giuliani don Angelo 996 $6245$aPaolo 6.$9(OLS)http://semarc/title/106583 996 $6260$aMilano :$bPunto e Linea - Società Editoriale$9(OLS)http://semarc/publisher/45309